Online
Catalog

Historia de Puerto Rico (1650-1700) / (Record no. 5362)

MARC details
000 -CABECERA
campo de control de longitud fija 00887nam a2200229 a 4500
001 - NÚMERO DE CONTROL
campo de control 000005563
005 - FECHA Y HORA DE LA ÚLTIMA TRANSACCIÓN
campo de control 20200929151720.0
008 - DATOS DE LONGITUD FIJA--INFORMACIÓN GENERAL
campo de control de longitud fija 090820s1975 dr 001 0 spa d
020 ## - NÚMERO INTERNACIONAL ESTÁNDAR DEL LIBRO
Número Internacional Estándar del Libro 8485057686
040 ## - FUENTE DE LA CATALOGACIÓN
Centro catalogador/agencia de origen DO-SdBNP
Lengua de catalogación spa
Centro/agencia transcriptor BNPHU
082 ## - NÚMERO DE LA CLASIFICACIÓN DECIMAL DEWEY
Número de clasificación 972.9503
Número de documento/Ítem L864h
049 ## - FONDOS LOCALES (OCLC)
Fondos de biblioteca BNPD
100 1# - ENTRADA PRINCIPAL--NOMBRE DE PERSONA
Nombre de persona López Cantos, Ángel
9 (RLIN) 15714
245 10 - MENCIÓN DE TÍTULO
Título Historia de Puerto Rico (1650-1700) /
Mención de responsabilidad, etc. Ángel López Cantos ; prólogo Francisco Morales Padrón.
260 ## - PUBLICACIÓN, DISTRIBUCIÓN, ETC.
Lugar de publicación, distribución, etc. Sevilla :
Nombre del editor, distribuidor, etc. Escuela de Estudios Hispano-Americanos de Sevilla,
Fecha de publicación, distribución, etc. 1975.
300 ## - DESCRIPCIÓN FÍSICA
Extensión 233 p. :
Otras características físicas il. ;
Dimensiones 24 cm.
651 #4 - PUNTO DE ACCESO ADICIONAL DE MATERIA--NOMBRE GEOGRÁFICO
Nombre geográfico Puerto Rico
Subdivisión general Historia
Subdivisión cronológica 1650-1699
9 (RLIN) 15715
651 #4 - PUNTO DE ACCESO ADICIONAL DE MATERIA--NOMBRE GEOGRÁFICO
Nombre geográfico Puerto Rico
Subdivisión general Política Y Gobierno
Subdivisión cronológica SIGLO XVII
9 (RLIN) 15716
651 #4 - PUNTO DE ACCESO ADICIONAL DE MATERIA--NOMBRE GEOGRÁFICO
Nombre geográfico Puerto Rico
Subdivisión general Condiciones Económicas
Subdivisión cronológica SIGLO XVII
9 (RLIN) 15717
651 #4 - PUNTO DE ACCESO ADICIONAL DE MATERIA--NOMBRE GEOGRÁFICO
Nombre geográfico Puerto Rico
Subdivisión general Vida Social Y Costumbres
Subdivisión cronológica SIGLO XVII
9 (RLIN) 15718
700 1# - PUNTO DE ACCESO ADICIONAL--NOMBRE DE PERSONA
Nombre de persona Morales Padrón, Francisco,
Término indicativo de función/relación pról.
9 (RLIN) 15719
Holdings
Estado de retiro Estado de pérdida No para préstamo Código de colección Localización permanente Ubicación/localización actual Ubicación en estantería Fecha de adquisición Número de inventario Total de préstamos Signatura topográfica completa Código de barras Fecha visto por última vez Precio válido a partir de Tipo de ítem Koha
    Excluido de préstamo Patrimonio Dominicano General General En catalogación 20.08.2009 LF1   972.9503 L864h 5563-10 25.06.2020 25.06.2020 Libro y Folleto Colección Patrimonio Dominicano

Powered by Koha